[Event "DEM U14 2021"]
[Site "Willingen GER"]
[Date "2021.08.26"]
[Round "5"]
[White "Costa, Leonardo"]
[Black "Foerster-Yialamas, Lucas"]
[Result "1/2-1/2"]
[Termination "normal"]
[Board "1"]
[WhiteTitle "FM"]
[BlackTitle "CM"]
[WhiteElo "2336"]
[BlackElo "1881"]
[WhiteClock "00:05:08"]
[BlackClock "00:06:09"]
[PlyCount "179"]
[WhiteFideId "16213955"]
[BlackFideId "30901774"]
[EventCountry "GER"]
[EventRounds "9"]
[EventType "swiss"]
[EventDate "2021.08.22"]

1. e4 {[%clk 1:30:58]} c5 {[%clk 1:30:52]} 2. Nf3 {[%clk 1:31:25]} d6 {[%clk
1:31:14]} 3. d4 {[%clk 1:31:51]} cxd4 {[%clk 1:31:36]} 4. Nxd4 {[%clk 1:32:18]}
Nf6 {[%clk 1:31:58]} 5. Nc3 {[%clk 1:32:44]} a6 {[%clk 1:32:20]} 6. Qd3 {[%clk
1:33:10]} b5 {[%clk 1:25:34]} 7. Nd5 {[%clk 1:31:01]} e6 {[%clk 1:22:38]} 8.
Nxf6+ {[%clk 1:29:36]} Qxf6 {[%clk 1:22:21]} 9. a4 {[%clk 1:29:05]} bxa4 {[%clk
1:21:57]} 10. Rxa4 {[%clk 1:21:20]} Be7 {[%clk 1:17:55]} 11. Be2 {[%clk
1:14:48]} Nd7 {[%clk 1:13:01]} 12. Nb3 {[%clk 1:07:59]} O-O {[%clk 1:11:57]}
13. O-O {[%clk 1:06:08]} Nc5 {[%clk 1:09:30]} 14. Nxc5 {[%clk 1:06:22]} dxc5
{[%clk 1:09:58]} 15. Qe3 {[%clk 0:54:06]} e5 {[%clk 1:06:58]} 16. Bd2 {[%clk
0:52:26]} Qc6 {[%clk 0:58:37]} 17. Rfa1 {[%clk 0:52:11]} h6 {[%clk 0:54:49]}
18. Qg3 {[%clk 0:47:07]} Bb7 {[%clk 0:50:23]} 19. Bc3 {[%clk 0:44:55]} Bf6
{[%clk 0:48:51]} 20. b3 {[%clk 0:37:23]} Rfe8 {[%clk 0:46:48]} 21. h4 {[%clk
0:35:20]} Kh8 {[%clk 0:41:44]} 22. Qg4 {[%clk 0:26:54]} Re7 {[%clk 0:31:29]}
23. Rd1 {[%clk 0:23:31]} Bc8 {[%clk 0:25:34]} 24. Qg3 {[%clk 0:21:55]} Bb7
{[%clk 0:25:06]} 25. Kh1 {[%clk 0:18:56]} Rae8 {[%clk 0:22:22]} 26. Qh3 {[%clk
0:17:50]} Bc8 {[%clk 0:17:15]} 27. Bg4 {[%clk 0:17:50]} Bxg4 {[%clk 0:17:14]}
28. Qxg4 {[%clk 0:18:15]} Qe6 {[%clk 0:16:43]} 29. Qxe6 {[%clk 0:17:10]} Rxe6
{[%clk 0:17:11]} 30. h5 {[%clk 0:16:31]} Rd8 {[%clk 0:16:48]} 31. Rxd8+ {[%clk
0:14:11]} Bxd8 {[%clk 0:17:16]} 32. g3 {[%clk 0:13:44]} Kg8 {[%clk 0:13:42]}
33. Kg2 {[%clk 0:13:54]} f6 {[%clk 0:13:17]} 34. Kf3 {[%clk 0:14:02]} Kf7
{[%clk 0:12:59]} 35. Ke2 {[%clk 0:13:52]} Rc6 {[%clk 0:12:23]} 36. Rc4 {[%clk
0:13:19]} Ke6 {[%clk 0:12:29]} 37. f3 {[%clk 0:12:25]} Bb6 {[%clk 0:11:06]} 38.
Bb4 {[%clk 0:10:25]} Kd6 {[%clk 0:09:18]} 39. Ba3 {[%clk 0:10:50]} Ba5 {[%clk
0:08:16]} 40. f4 {[%clk 0:07:54]} exf4 {[%clk 0:07:19]} 41. gxf4 {[%clk
0:08:20]} Bb6 {[%clk 0:03:51]} 42. Kf3 {[%clk 0:23:09]} Rc7 {[%clk 0:32:22]}
43. Ra4 {[%clk 0:23:08]} a5 {[%clk 0:30:17]} 44. Bb2 {[%clk 0:22:58]} Ke6
{[%clk 0:29:56]} 45. Bc3 {[%clk 0:22:21]} Ra7 {[%clk 0:30:11]} 46. f5+ {[%clk
0:20:25]} Kd6 {[%clk 0:29:50]} 47. e5+ {[%clk 0:17:59]} fxe5 {[%clk 0:29:28]}
48. Ke4 {[%clk 0:18:26]} Kc6 {[%clk 0:27:57]} 49. Bxe5 {[%clk 0:18:10]} Bd8
{[%clk 0:27:54]} 50. Bc3 {[%clk 0:15:18]} Kd6 {[%clk 0:24:12]} 51. Ra1 {[%clk
0:13:44]} Kc6 {[%clk 0:24:08]} 52. Rg1 {[%clk 0:13:30]} Bg5 {[%clk 0:24:24]}
53. Kd3 {[%clk 0:12:28]} Kb5 {[%clk 0:16:31]} 54. Ra1 {[%clk 0:11:51]} Bd8
{[%clk 0:16:26]} 55. Ra4 Rd7+ {[%clk 0:13:44]} 56. Ke4 {[%clk 0:11:50]} Re7+
{[%clk 0:12:56]} 57. Kf3 {[%clk 0:11:21]} Rf7 {[%clk 0:08:55]} 58. Kg4 {[%clk
0:11:47]} Re7 {[%clk 0:08:39]} 59. Kf4 {[%clk 0:06:16]} Bc7+ {[%clk 0:08:01]}
60. Kf3 {[%clk 0:06:42]} Rf7 {[%clk 0:08:01]} 61. Ke4 {[%clk 0:07:08]} Bd8
{[%clk 0:07:37]} 62. Ra1 {[%clk 0:06:14]} c4 {[%clk 0:05:09]} 63. bxc4+ {[%clk
0:06:01]} Kxc4 {[%clk 0:05:37]} 64. Bxa5 {[%clk 0:06:25]} Ra7 {[%clk 0:05:04]}
65. Bxd8 {[%clk 0:03:43]} Rxa1 {[%clk 0:05:26]} 66. f6 {[%clk 0:03:49]} gxf6
{[%clk 0:05:16]} 67. Kf5 {[%clk 0:03:10]} Rh1 {[%clk 0:04:54]} 68. Kg6 {[%clk
0:03:19]} f5 {[%clk 0:04:52]} 69. Kxh6 {[%clk 0:02:24]} f4 {[%clk 0:05:14]} 70.
Bb6 {[%clk 0:02:47]} Rh2 {[%clk 0:04:24]} 71. Kg6 {[%clk 0:03:08]} Rg2+ {[%clk
0:04:07]} 72. Kf7 {[%clk 0:03:15]} Rh2 {[%clk 0:03:31]} 73. Kg6 {[%clk
0:03:39]} Kd5 {[%clk 0:03:43]} 74. h6 {[%clk 0:03:45]} Ke6 {[%clk 0:03:02]} 75.
h7 {[%clk 0:04:08]} Rg2+ {[%clk 0:01:51]} 76. Kh6 {[%clk 0:04:00]} Kf7 {[%clk
0:01:41]} 77. h8=Q {[%clk 0:03:47]} Rh2+ {[%clk 0:02:07]} 78. Kg5 {[%clk
0:04:14]} Rxh8 {[%clk 0:02:30]} 79. Kxf4 {[%clk 0:04:42]} Rc8 {[%clk 0:02:49]}
80. Kf3 {[%clk 0:04:46]} Rxc2 {[%clk 0:03:17]} 81. Bf2 {[%clk 0:05:10]} Ke6
{[%clk 0:03:34]} 82. Kg2 {[%clk 0:04:46]} Kf5 {[%clk 0:04:00]} 83. Kg1 {[%clk
0:04:05]} Kg4 {[%clk 0:04:20]} 84. Ba7 {[%clk 0:04:25]} Rd2 {[%clk 0:04:41]}
85. Bb6 {[%clk 0:04:31]} Kf3 {[%clk 0:05:04]} 86. Kh1 {[%clk 0:04:43]} Rd6
{[%clk 0:05:20]} 87. Bg1 {[%clk 0:04:21]} Rd5 {[%clk 0:05:29]} 88. Bh2 {[%clk
0:04:21]} Rh5 {[%clk 0:05:50]} 89. Kg1 {[%clk 0:04:46]} Rh7 {[%clk 0:06:09]}
90. Kh1 {[%clk 0:05:08]} *

[Event "DEM U14 2021"]
[Site "Willingen GER"]
[Date "2021.08.26"]
[Round "5"]
[White "Ohler, Julius"]
[Black "Bakiev, Diyor"]
[Result "1-0"]
[Termination "normal"]
[Board "2"]
[WhiteElo "2014"]
[BlackElo "2119"]
[WhiteClock "00:25:49"]
[BlackClock "00:18:06"]
[PlyCount "119"]
[WhiteFideId "16238982"]
[BlackFideId "16241584"]
[EventCountry "GER"]
[EventRounds "9"]
[EventType "swiss"]
[EventDate "2021.08.22"]

1. d4 {[%clk 1:30:59]} Nf6 {[%clk 1:30:55]} 2. Nf3 {[%clk 1:31:25]} e6 {[%clk
1:31:11]} 3. g3 {[%clk 1:31:50]} c5 {[%clk 1:31:23]} 4. Bg2 {[%clk 1:32:15]}
cxd4 {[%clk 1:31:26]} 5. Nxd4 {[%clk 1:32:35]} d5 {[%clk 1:31:50]} 6. O-O
{[%clk 1:32:53]} e5 {[%clk 1:26:04]} 7. Nb3 {[%clk 1:33:05]} Nc6 {[%clk
1:17:31]} 8. Bg5 {[%clk 1:31:40]} Be6 {[%clk 1:15:26]} 9. Nc3 {[%clk 1:30:41]}
d4 {[%clk 1:12:19]} 10. Ne4 {[%clk 1:26:35]} Be7 {[%clk 1:10:16]} 11. Bxf6
{[%clk 1:18:15]} Bxf6 {[%clk 1:06:07]} 12. Nbc5 {[%clk 1:12:26]} Bc8 {[%clk
0:52:19]} 13. c3 {[%clk 1:02:01]} O-O {[%clk 0:49:56]} 14. cxd4 {[%clk
0:54:41]} Nxd4 {[%clk 0:46:16]} 15. e3 {[%clk 0:52:41]} Ne6 {[%clk 0:44:07]}
16. Nxf6+ {[%clk 0:38:49]} Qxf6 {[%clk 0:44:29]} 17. Qc2 {[%clk 0:33:38]} Ng5
{[%clk 0:36:22]} 18. f4 {[%clk 0:26:03]} exf4 {[%clk 0:32:58]} 19. gxf4 {[%clk
0:22:41]} Ne6 {[%clk 0:31:06]} 20. Ne4 {[%clk 0:21:45]} Qf5 {[%clk 0:28:31]}
21. Rac1 {[%clk 0:21:40]} Bd7 {[%clk 0:24:02]} 22. Nd6 {[%clk 0:20:14]} Qf6
{[%clk 0:20:24]} 23. Qc3 {[%clk 0:17:21]} Qxc3 {[%clk 0:09:47]} 24. Rxc3 {[%clk
0:17:35]} Bc6 {[%clk 0:09:06]} 25. Bxc6 {[%clk 0:17:45]} bxc6 {[%clk 0:09:33]}
26. Rxc6 {[%clk 0:17:53]} Rab8 {[%clk 0:08:37]} 27. b3 {[%clk 0:17:36]} Rfd8
{[%clk 0:08:23]} 28. Nc4 {[%clk 0:17:40]} g6 {[%clk 0:07:57]} 29. Kf2 {[%clk
0:15:50]} Rd5 {[%clk 0:05:40]} 30. Rd6 {[%clk 0:14:12]} Rh5 {[%clk 0:05:10]}
31. Kg2 {[%clk 0:13:51]} a5 {[%clk 0:04:18]} 32. Ra6 {[%clk 0:12:11]} Rbb5
{[%clk 0:04:27]} 33. h3 {[%clk 0:08:34]} Kg7 {[%clk 0:03:30]} 34. Ra7 {[%clk
0:08:13]} Rbc5 {[%clk 0:02:58]} 35. Rd1 {[%clk 0:07:52]} Rhd5 {[%clk 0:01:50]}
36. Rxd5 {[%clk 0:08:03]} Rxd5 {[%clk 0:02:18]} 37. Rxa5 {[%clk 0:08:04]} Rd1
{[%clk 0:02:38]} 38. Ra7 {[%clk 0:07:58]} Kf6 {[%clk 0:01:18]} 39. Ne5 {[%clk
0:04:09]} Nd8 {[%clk 0:01:18]} 40. Rd7 {[%clk 0:04:18]} Rxd7 {[%clk 0:01:31]}
41. Nxd7+ {[%clk 0:04:42]} Ke7 {[%clk 0:01:55]} 42. Ne5 {[%clk 0:02:29]} f6
{[%clk 0:02:16]} 43. Nc4 {[%clk 0:02:39]} Ke6 {[%clk 0:02:20]} 44. e4 {[%clk
0:02:13]} g5 {[%clk 0:02:26]} 45. fxg5 {[%clk 0:02:16]} fxg5 {[%clk 0:02:49]}
46. Kf3 {[%clk 0:02:16]} h5 {[%clk 0:03:11]} 47. a4 {[%clk 0:02:14]} Kd7 {[%clk
0:03:16]} 48. e5 {[%clk 0:02:27]} Ne6 {[%clk 0:03:37]} 49. b4 {[%clk 0:01:45]}
Kc6 {[%clk 0:03:22]} 50. Ke4 {[%clk 0:27:24]} g4 {[%clk 0:30:39]} 51. hxg4
{[%clk 0:27:41]} hxg4 {[%clk 0:31:04]} 52. Ne3 {[%clk 0:27:21]} g3 {[%clk
0:31:12]} 53. Kf5 {[%clk 0:26:54]} Kd7 {[%clk 0:25:18]} 54. Kf6 {[%clk
0:25:16]} Nf4 {[%clk 0:18:52]} 55. Kf7 {[%clk 0:25:33]} g2 {[%clk 0:17:35]} 56.
Nxg2 {[%clk 0:25:58]} Nd3 {[%clk 0:17:58]} 57. e6+ {[%clk 0:26:05]} Kd6 {[%clk
0:18:22]} 58. b5 {[%clk 0:25:28]} Ne5+ {[%clk 0:17:42]} 59. Kf6 {[%clk
0:25:49]} Ng4+ {[%clk 0:18:06]} 60. Kf5 1-0

[Event "DEM U14 2021"]
[Site "Willingen GER"]
[Date "2021.08.26"]
[Round "5"]
[White "Hagner, Bennet"]
[Black "Deuer, Marius"]
[Result "1/2-1/2"]
[Termination "normal"]
[Board "3"]
[BlackTitle "FM"]
[WhiteElo "2118"]
[BlackElo "2163"]
[WhiteClock "00:17:33"]
[BlackClock "00:35:13"]
[PlyCount "84"]
[WhiteFideId "16224477"]
[BlackFideId "16236432"]
[EventCountry "GER"]
[EventRounds "9"]
[EventType "swiss"]
[EventDate "2021.08.22"]

1. e4 {[%clk 1:30:57]} c6 {[%clk 1:30:53]} 2. d4 {[%clk 1:31:22]} d5 {[%clk
1:31:19]} 3. e5 {[%clk 1:31:47]} Bf5 {[%clk 1:31:46]} 4. Nf3 {[%clk 1:32:11]}
e6 {[%clk 1:32:13]} 5. Be2 {[%clk 1:32:35]} Bg6 {[%clk 1:32:40]} 6. O-O {[%clk
1:32:01]} Ne7 {[%clk 1:33:02]} 7. Nbd2 Nf5 {[%clk 1:33:22]} 8. Nb3 {[%clk
1:30:07]} Nd7 {[%clk 1:33:37]} 9. a4 {[%clk 1:29:56]} a6 {[%clk 1:34:00]} 10.
c3 {[%clk 1:24:46]} Rc8 {[%clk 1:30:44]} 11. Ne1 {[%clk 1:18:34]} c5 {[%clk
1:23:19]} 12. a5 {[%clk 1:01:28]} Be7 {[%clk 1:09:02]} 13. Ra2 {[%clk 1:01:23]}
f6 {[%clk 1:06:59]} 14. f4 {[%clk 1:01:11]} fxe5 {[%clk 1:06:03]} 15. dxe5
{[%clk 0:54:00]} c4 {[%clk 0:54:56]} 16. Nd4 {[%clk 0:53:29]} Nxd4 {[%clk
0:55:12]} 17. cxd4 {[%clk 0:53:50]} O-O {[%clk 0:55:38]} 18. Bg4 {[%clk
0:51:56]} Rc6 {[%clk 0:51:29]} 19. Nc2 {[%clk 0:50:00]} Rf7 {[%clk 0:42:49]}
20. Bd2 {[%clk 0:41:29]} Bxc2 {[%clk 0:40:57]} 21. Qxc2 {[%clk 0:41:57]} b5
{[%clk 0:40:29]} 22. Rf3 {[%clk 0:29:12]} Nf8 {[%clk 0:33:25]} 23. Ra1 {[%clk
0:28:04]} b4 {[%clk 0:24:50]} 24. f5 {[%clk 0:20:53]} exf5 {[%clk 0:24:07]} 25.
Bxf5 {[%clk 0:21:12]} g6 {[%clk 0:24:28]} 26. Bg4 {[%clk 0:20:36]} Rxf3 {[%clk
0:24:52]} 27. Bxf3 {[%clk 0:18:23]} Ne6 {[%clk 0:24:31]} 28. Be3 {[%clk
0:18:22]} Bg5 {[%clk 0:18:42]} 29. Bxg5 {[%clk 0:17:54]} Nxg5 {[%clk 0:19:10]}
30. Qf2 {[%clk 0:16:03]} Rc7 {[%clk 0:15:26]} 31. Rf1 {[%clk 0:14:26]} Rf7
{[%clk 0:15:18]} 32. Qe3 {[%clk 0:14:03]} Nxf3+ {[%clk 0:11:09]} 33. Rxf3
{[%clk 0:14:31]} Rxf3 {[%clk 0:11:17]} 34. Qxf3 {[%clk 0:14:57]} Qxa5 {[%clk
0:07:50]} 35. h3 {[%clk 0:13:48]} b3 {[%clk 0:07:37]} 36. Qf6 {[%clk 0:12:06]}
Qb5 {[%clk 0:07:51]} 37. Qe6+ {[%clk 0:08:09]} Kf8 {[%clk 0:06:10]} 38. Qf6+
{[%clk 0:08:16]} Kg8 {[%clk 0:05:49]} 39. Qe7 {[%clk 0:08:09]} Qb6 {[%clk
0:04:27]} 40. Qe8+ {[%clk 0:02:43]} Kg7 {[%clk 0:04:55]} 41. Qe7+ {[%clk
0:01:32]} Kg8 {[%clk 0:05:18]} 42. Qe8+ {[%clk 0:17:33]} Kg7 {[%clk 0:35:13]}
1/2-1/2

[Event "DEM U14 2021"]
[Site "Willingen GER"]
[Date "2021.08.26"]
[Round "5"]
[White "Heinrich, John"]
[Black "Rose, Daniel"]
[Result "1-0"]
[Termination "normal"]
[Board "4"]
[WhiteElo "1911"]
[BlackElo "1848"]
[WhiteClock "00:34:02"]
[BlackClock "00:48:48"]
[PlyCount "107"]
[WhiteFideId "16259491"]
[BlackFideId "16242963"]
[EventCountry "GER"]
[EventRounds "9"]
[EventType "swiss"]
[EventDate "2021.08.22"]

1. e4 {[%clk 1:30:57]} d5 {[%clk 1:30:57]} 2. exd5 {[%clk 1:31:21]} Qxd5 3. Nc3
{[%clk 1:31:43]} Qd8 {[%clk 1:31:49]} 4. d4 {[%clk 1:31:26]} Nf6 {[%clk
1:32:02]} 5. Nf3 {[%clk 1:30:43]} Bg4 {[%clk 1:32:26]} 6. h3 {[%clk 1:28:54]}
Bxf3 {[%clk 1:32:52]} 7. Qxf3 {[%clk 1:29:19]} c6 {[%clk 1:33:03]} 8. Be3
{[%clk 1:26:52]} e6 {[%clk 1:33:25]} 9. O-O-O {[%clk 1:25:20]} Bb4 {[%clk
1:33:27]} 10. Ne4 {[%clk 1:21:41]} Nxe4 {[%clk 1:33:45]} 11. Qxe4 {[%clk
1:22:04]} Qd5 {[%clk 1:33:46]} 12. Qxd5 {[%clk 1:21:46]} cxd5 {[%clk 1:34:11]}
13. Bd3 {[%clk 1:18:44]} Nd7 {[%clk 1:33:54]} 14. Rhf1 {[%clk 1:14:37]} a6
{[%clk 1:29:56]} 15. f4 {[%clk 1:10:00]} f6 {[%clk 1:30:10]} 16. c3 Bd6 {[%clk
1:30:09]} 17. Bc2 {[%clk 1:01:26]} f5 {[%clk 1:25:04]} 18. g4 {[%clk 1:01:22]}
g6 {[%clk 1:23:13]} 19. g5 {[%clk 1:01:00]} b5 {[%clk 1:22:47]} 20. Bd2 {[%clk
0:58:59]} Kf7 {[%clk 1:21:33]} 21. h4 {[%clk 0:52:14]} Nb6 {[%clk 1:19:28]} 22.
b3 {[%clk 0:52:05]} Rac8 {[%clk 1:18:27]} 23. h5 {[%clk 0:47:06]} a5 {[%clk
1:13:37]} 24. Kb2 {[%clk 0:43:14]} b4 {[%clk 0:58:39]} 25. cxb4 {[%clk
0:39:02]} axb4 {[%clk 0:58:15]} 26. Rh1 {[%clk 0:39:01]} Nd7 {[%clk 0:54:00]}
27. Rh3 {[%clk 0:37:33]} Rhg8 {[%clk 0:50:58]} 28. Re1 {[%clk 0:32:28]} Nb8
{[%clk 0:51:05]} 29. hxg6+ {[%clk 0:32:20]} Rxg6 {[%clk 0:45:44]} 30. Rxh7+
{[%clk 0:32:35]} Kg8 {[%clk 0:45:40]} 31. Reh1 {[%clk 0:32:52]} Bf8 {[%clk
0:44:42]} 32. Bxb4 {[%clk 0:32:16]} Bg7 {[%clk 0:44:32]} 33. Bc3 {[%clk
0:30:57]} Nc6 {[%clk 0:44:49]} 34. Bd3 {[%clk 0:29:00]} Nxd4 {[%clk 0:44:39]}
35. Rxg7+ {[%clk 0:29:22]} Rxg7 {[%clk 0:44:04]} 36. Bxd4 {[%clk 0:29:46]} Rh7
{[%clk 0:43:58]} 37. Rxh7 {[%clk 0:30:11]} Kxh7 {[%clk 0:44:23]} 38. b4 {[%clk
0:30:24]} Kg6 {[%clk 0:44:07]} 39. b5 {[%clk 0:30:47]} Kh5 {[%clk 0:43:47]} 40.
b6 {[%clk 0:31:09]} Rb8 {[%clk 0:44:10]} 41. Ba6 {[%clk 0:31:27]} Kg4 {[%clk
0:44:36]} 42. b7 {[%clk 0:31:45]} Kxf4 {[%clk 0:45:00]} 43. Ba7 {[%clk
0:32:08]} Rxb7+ {[%clk 0:45:25]} 44. Bxb7 {[%clk 0:32:32]} Kxg5 {[%clk
0:45:51]} 45. Kc3 {[%clk 0:32:41]} f4 {[%clk 0:46:11]} 46. Kd3 {[%clk 0:32:45]}
Kg4 {[%clk 0:46:08]} 47. Bc8 {[%clk 0:32:45]} Kf5 {[%clk 0:46:20]} 48. a4
{[%clk 0:32:52]} Ke5 {[%clk 0:46:47]} 49. a5 {[%clk 0:32:50]} Kd6 {[%clk
0:47:13]} 50. a6 {[%clk 0:32:50]} Kc7 {[%clk 0:47:29]} 51. Bxe6 {[%clk
0:33:12]} f3 {[%clk 0:47:55]} 52. Bxd5 {[%clk 0:33:34]} f2 {[%clk 0:48:20]} 53.
Bxf2 {[%clk 0:34:00]} Kb8 {[%clk 0:48:48]} 54. Bb6 {[%clk 0:34:02]} 1-0

[Event "DEM U14 2021"]
[Site "Willingen GER"]
[Date "2021.08.26"]
[Round "5"]
[White "Metzdorf, Matteo"]
[Black "Rempe, Jonas"]
[Result "1/2-1/2"]
[Termination "normal"]
[Board "5"]
[WhiteElo "1859"]
[BlackElo "2026"]
[WhiteClock "00:23:14"]
[BlackClock "00:40:05"]
[PlyCount "54"]
[WhiteFideId "16209869"]
[BlackFideId "16202406"]
[EventCountry "GER"]
[EventRounds "9"]
[EventType "swiss"]
[EventDate "2021.08.22"]

1. e4 {[%clk 1:30:58]} e5 {[%clk 1:30:55]} 2. Nf3 {[%clk 1:31:24]} Nc6 {[%clk
1:31:19]} 3. Bb5 {[%clk 1:31:49]} a6 {[%clk 1:31:46]} 4. Ba4 {[%clk 1:32:15]}
Nf6 {[%clk 1:32:12]} 5. O-O {[%clk 1:32:38]} Be7 {[%clk 1:32:38]} 6. Re1 {[%clk
1:33:02]} b5 {[%clk 1:33:04]} 7. Bb3 {[%clk 1:33:27]} O-O {[%clk 1:33:28]} 8.
a4 {[%clk 1:33:48]} b4 {[%clk 1:33:50]} 9. d4 {[%clk 1:34:13]} d6 {[%clk
1:25:25]} 10. dxe5 {[%clk 1:34:35]} Nxe5 {[%clk 1:19:32]} 11. Nbd2 {[%clk
1:33:49]} Bb7 {[%clk 1:18:45]} 12. Nd4 {[%clk 1:24:50]} c5 {[%clk 1:15:28]} 13.
Nf5 {[%clk 1:24:05]} Rc8 {[%clk 1:14:56]} 14. Qe2 {[%clk 1:23:14]} a5 {[%clk
1:01:45]} 15. f3 {[%clk 1:09:25]} c4 {[%clk 0:49:35]} 16. Bxc4 {[%clk 0:48:21]}
Nxc4 {[%clk 0:49:56]} 17. Nxc4 {[%clk 0:48:28]} Ba6 {[%clk 0:50:13]} 18. b3
{[%clk 0:41:10]} d5 {[%clk 0:48:55]} 19. exd5 {[%clk 0:33:30]} Bc5+ {[%clk
0:48:50]} 20. Be3 {[%clk 0:32:58]} Qxd5 {[%clk 0:48:55]} 21. Bxc5 {[%clk
0:30:58]} Qxc5+ {[%clk 0:49:17]} 22. Nfe3 {[%clk 0:30:56]} Bxc4 {[%clk
0:40:58]} 23. Qxc4 {[%clk 0:29:34]} Qa7 {[%clk 0:39:17]} 24. Qe2 {[%clk
0:24:45]} Nd5 {[%clk 0:39:13]} 25. Qf2 {[%clk 0:24:17]} Nxe3 {[%clk 0:39:27]}
26. Qxe3 {[%clk 0:23:07]} Qxe3+ {[%clk 0:39:44]} 27. Rxe3 {[%clk 0:23:14]} Rxc2
{[%clk 0:40:05]} 1/2-1/2

[Event "DEM U14 2021"]
[Site "Willingen GER"]
[Date "2021.08.26"]
[Round "5"]
[White "Fuhrmann, Bahne"]
[Black "Kempe, Caius Emilian"]
[Result "0-1"]
[Termination "normal"]
[Board "6"]
[WhiteElo "1796"]
[BlackElo "2013"]
[WhiteClock "00:22:17"]
[BlackClock "00:16:56"]
[PlyCount "132"]
[WhiteFideId "16244842"]
[BlackFideId "16246861"]
[EventCountry "GER"]
[EventRounds "9"]
[EventType "swiss"]
[EventDate "2021.08.22"]

1. e4 {[%clk 1:30:59]} e6 {[%clk 1:30:53]} 2. d3 {[%clk 1:31:25]} d5 {[%clk
1:31:10]} 3. Nd2 {[%clk 1:31:52]} Nf6 {[%clk 1:31:18]} 4. g3 {[%clk 1:32:08]}
dxe4 {[%clk 1:31:25]} 5. dxe4 {[%clk 1:32:27]} Nc6 {[%clk 1:31:17]} 6. Ngf3
{[%clk 1:31:45]} Bc5 {[%clk 1:29:56]} 7. Bg2 {[%clk 1:31:45]} e5 {[%clk
1:30:14]} 8. O-O {[%clk 1:31:00]} O-O {[%clk 1:30:29]} 9. Qe2 {[%clk 1:27:56]}
Qe7 {[%clk 1:29:56]} 10. c3 {[%clk 1:27:43]} a5 {[%clk 1:30:03]} 11. h3 {[%clk
1:24:26]} b6 {[%clk 1:27:58]} 12. Re1 {[%clk 1:22:00]} Ba6 {[%clk 1:28:00]} 13.
Qd1 {[%clk 1:22:16]} Rad8 {[%clk 1:27:59]} 14. Bf1 {[%clk 1:21:29]} Bxf1 {[%clk
1:25:10]} 15. Kxf1 {[%clk 1:21:53]} Rd3 {[%clk 1:24:31]} 16. Qc2 {[%clk
1:20:56]} Rfd8 {[%clk 1:23:34]} 17. a4 {[%clk 1:13:58]} Nh5 {[%clk 1:17:45]}
18. Kg2 {[%clk 1:11:14]} Qf6 {[%clk 1:17:05]} 19. b3 {[%clk 1:03:30]} Qg6
{[%clk 1:07:45]} 20. Nf1 {[%clk 1:03:12]} Nf4+ {[%clk 1:06:28]} 21. Bxf4 {[%clk
1:03:13]} exf4 {[%clk 1:06:47]} 22. Rad1 {[%clk 1:00:20]} Rxd1 {[%clk 1:05:28]}
23. Rxd1 {[%clk 0:58:17]} Rxd1 {[%clk 1:02:06]} 24. Qxd1 {[%clk 0:58:38]} Qxe4
{[%clk 1:01:07]} 25. Qd7 {[%clk 0:58:33]} Qe6 {[%clk 1:00:09]} 26. Qxe6 {[%clk
0:54:32]} fxe6 {[%clk 1:00:28]} 27. gxf4 {[%clk 0:54:33]} h6 {[%clk 0:59:39]}
28. Ne5 {[%clk 0:48:40]} Ne7 {[%clk 0:50:39]} 29. c4 {[%clk 0:48:53]} Nf5
{[%clk 0:50:46]} 30. Nc6 {[%clk 0:48:19]} Kf7 {[%clk 0:47:34]} 31. Kf3 {[%clk
0:45:43]} Nd4+ {[%clk 0:43:50]} 32. Nxd4 {[%clk 0:46:06]} Bxd4 {[%clk 0:44:17]}
33. Ne3 {[%clk 0:44:28]} Bxe3 {[%clk 0:36:22]} 34. Kxe3 {[%clk 0:40:06]} Kg6
{[%clk 0:31:39]} 35. Ke4 {[%clk 0:30:27]} Kf6 {[%clk 0:31:53]} 36. Ke3 {[%clk
0:30:23]} Kf5 {[%clk 0:32:10]} 37. Kf3 {[%clk 0:30:37]} g6 {[%clk 0:32:01]} 38.
Ke3 {[%clk 0:30:26]} e5 {[%clk 0:29:25]} 39. fxe5 {[%clk 0:30:50]} Kxe5 {[%clk
0:29:48]} 40. f4+ {[%clk 0:30:54]} Kf5 {[%clk 0:29:49]} 41. Kf3 {[%clk
0:31:16]} g5 {[%clk 0:17:19]} 42. fxg5 {[%clk 0:31:28]} Kxg5 {[%clk 0:16:55]}
43. Kg3 {[%clk 0:31:48]} h5 {[%clk 0:17:13]} 44. Kf3 {[%clk 0:28:31]} Kf5
{[%clk 0:17:13]} 45. Kg3 {[%clk 0:28:56]} Kg5 {[%clk 0:17:29]} 46. Kf3 {[%clk
0:29:20]} Kh4 {[%clk 0:17:51]} 47. Kg2 {[%clk 0:29:45]} c5 {[%clk 0:18:05]} 48.
Kh2 {[%clk 0:30:09]} Kg5 {[%clk 0:18:27]} 49. Kg3 {[%clk 0:30:35]} h4+ {[%clk
0:18:46]} 50. Kf3 {[%clk 0:30:51]} Kf5 {[%clk 0:19:10]} 51. Ke3 {[%clk
0:31:16]} Ke5 {[%clk 0:19:31]} 52. Kf3 {[%clk 0:26:04]} Kd4 {[%clk 0:19:19]}
53. Kg4 {[%clk 0:26:12]} Kc3 {[%clk 0:19:41]} 54. Kxh4 {[%clk 0:26:40]} Kxb3
{[%clk 0:19:58]} 55. Kg3 {[%clk 0:24:38]} Kxc4 {[%clk 0:19:26]} 56. h4 {[%clk
0:25:04]} Kb3 {[%clk 0:19:20]} 57. h5 {[%clk 0:25:29]} c4 {[%clk 0:19:38]} 58.
h6 {[%clk 0:25:55]} c3 {[%clk 0:20:00]} 59. h7 {[%clk 0:26:18]} c2 {[%clk
0:20:24]} 60. h8=Q {[%clk 0:26:42]} c1=Q {[%clk 0:20:33]} 61. Qe8 {[%clk
0:23:07]} Qc3+ {[%clk 0:19:16]} 62. Kf2 {[%clk 0:23:26]} Ka3 {[%clk 0:18:01]}
63. Ke2 {[%clk 0:23:21]} Qc4+ {[%clk 0:17:41]} 64. Kd2 {[%clk 0:23:01]} Qxa4
{[%clk 0:17:54]} 65. Qh8 {[%clk 0:22:31]} Qc4 {[%clk 0:16:37]} 66. Qa1+ {[%clk
0:22:17]} Qa2+ {[%clk 0:16:56]} 0-1